[Event "Minsk op"]
[Site "Minsk"]
[Date "2023.11.03"]
[Round "1"]
[White "Khmelev, Mikhail"]
[Black "Makarychev, Artem1"]
[Result "1-0"]
[WhiteElo "1817"]
[BlackElo "1148"]
[PlyCount "30"]
[EventDate "2023.11.03"]
[EventType "swiss"]
[EventRounds "9"]
[EventCountry "BLR"]
[SourceTitle "CB46_2023"]
[SourceDate "2023.11.15"]
[SourceVersion "1"]
[SourceVersionDate "2023.11.15"]
[SourceQuality "1"]

1. e4 e5 2. Nf3 Nc6 3. Nc3 Nf6 4. d4 exd4 5. Nxd4 Bc5 6. Be3 Bxd4 7. Bxd4 b6 8. Be3 Bb7 9. Qd2 h6 10. 0-0-0 0-0 11. f3 d6 12. g4 Ne5 13. Be2 Qd7 14. h4 a5 15. g5 Nh7 1-0

[Event "St Petersburg Korchnoi Memorial op"]
[Site "St Petersburg"]
[Date "2023.08.21"]
[Round "5"]
[White "Khmelev, Mikhail"]
[Black "Zagrebina, Marina"]
[Result "1-0"]
[WhiteElo "1825"]
[BlackElo "1420"]
[PlyCount "59"]
[EventDate "2023.08.18"]
[EventType "swiss"]
[EventRounds "9"]
[EventCountry "RUS"]
[SourceTitle "EXT 2024"]
[Source "ChessBase"]
[SourceDate "2023.10.10"]
[SourceVersion "1"]
[SourceVersionDate "2023.10.10"]
[SourceQuality "1"]

1. e4 c5 2. Nf3 Nf6 3. Nc3 d5 4. exd5 Nxd5 5. Bb5+ Bd7 6. Bxd7+ Qxd7 7. 0-0 Nc6 8. Re1 g6 9. Ne4 Bg7 10. Nxc5 Qc7 11. c3 0-0 12. d4 b6 13. Nd3 Rfe8 14. Nde5 Nxe5 15. Nxe5 Rad8 16. Qf3 e6 17. Bf4 Nxf4 18. Qxf4 Bxe5 19. Rxe5 Rd5 20. Rae1 Kg7 21. Qe3 Red8 22. h4 Rxe5 23. Qxe5+ Qxe5 24. Rxe5 h5 25. Kf1 Kf6 26. Ke2 a6 27. Kd3 b5 28. a4 bxa4 29. Ra5 Rb8 30. Kc2 1-0

[Event "St Petersburg Korchnoi Memorial op"]
[Site "St Petersburg"]
[Date "2023.08.19"]
[Round "2"]
[White "Lupolov, Boris"]
[Black "Khmelev, Mikhail"]
[Result "1-0"]
[WhiteElo "2104"]
[BlackElo "1825"]
[PlyCount "133"]
[EventDate "2023.08.18"]
[EventType "swiss"]
[EventRounds "9"]
[EventCountry "RUS"]
[SourceTitle "EXT 2024"]
[Source "ChessBase"]
[SourceDate "2023.10.10"]
[SourceVersion "1"]
[SourceVersionDate "2023.10.10"]
[SourceQuality "1"]

1. d4 Nf6 2. c4 e6 3. Nf3 Bb4+ 4. Bd2 a5 5. g3 d5 6. cxd5 exd5 7. Bg2 0-0 8. 0-0 Bxd2 9. Nfxd2 Nc6 10. e3 Bg4 11. Qb3 Qd7 12. Nc3 a4 13. Qa3 Bh3 14. Rac1 Bxg2 15. Kxg2 Ne7 16. Nf3 Nf5 17. Ne5 Qd6 18. g4 Ne7 19. Qxd6 cxd6 20. Nd3 Nxg4 21. h3 Nf6 22. Nb5 Nf5 23. Rc7 Rab8 24. Nb4 Rfc8 25. Rfc1 Rxc7 26. Rxc7 Kf8 27. Rc2 g5 28. Nc3 Rc8 29. Nxa4 Rxc2 30. Nxc2 Ke7 31. Nc3 Ke6 32. Nb4 h5 33. a4 Nh4+ 34. Kg3 Nf5+ 35. Kf3 Ne7 36. a5 Kf5 37. a6 bxa6 38. Nxa6 Ne4 39. Nb5 g4+ 40. hxg4+ hxg4+ 41. Ke2 Ke6 42. Nb8 g3 43. Nc7+ Kf5 44. fxg3 Nxg3+ 45. Kd3 Ne4 46. b4 Nf6 47. b5 Nc8 48. Na8 Kg4 49. b6 Nxb6 50. Nxb6 Kf3 51. Nc6 Ne4 52. Nxd5 Nf2+ 53. Kd2 Ne4+ 54. Ke1 Ng3 55. Ncb4 Ke4 56. Kf2 Nh5 57. Nc3+ Kf5 58. Kf3 Nf6 59. Nbd5 Nh7 60. Nc7 Nf6 61. N7d5 Nh7 62. Nc7 Kg5 63. Ke2 Kf6 64. N3d5+ Kf5 65. Kd3 f6 66. Ne8 Ke6 67. Ndxf6 1-0

[Event "Olginka Orbit op"]
[Site "Olginka"]
[Date "2022.08.23"]
[Round "8"]
[White "Grachev, Boris V"]
[Black "Khmelev, Mikhail"]
[Result "1-0"]
[WhiteElo "2611"]
[BlackElo "1826"]
[PlyCount "52"]
[EventDate "2022.08.16"]
[EventType "swiss"]
[EventRounds "9"]
[EventCountry "RUS"]
[SourceTitle "CBM 209 Extra"]
[Source "ChessBase"]
[SourceDate "2022.09.30"]
[SourceVersion "1"]
[SourceVersionDate "2022.09.30"]
[SourceQuality "1"]

1. c4 e6 2. g3 Nf6 3. Bg2 Be7 4. e4 e5 5. d4 d6 6. Ne2 Bg4 7. f3 Bh5 8. Nbc3 0-0 9. Be3 Nfd7 10. 0-0 c5 11. d5 Bg6 12. f4 f5 13. Bh3 exf4 14. Nxf4 Bg5 15. Qe2 Bxf4 16. Bxf4 fxe4 17. Nxe4 Bxe4 18. Qxe4 Nf6 19. Qe6+ Kh8 20. Qxd6 Nbd7 21. Rae1 Re8 22. Re6 Qb6 23. Rxe8+ Rxe8 24. Bxd7 Qxd6 25. Bxd6 Nxd7 26. Rf7 Rd8 1-0

[Event "Olginka Orbit op"]
[Site "Olginka"]
[Date "2022.08.19"]
[Round "4"]
[White "Afonasieva, Anna"]
[Black "Khmelev, Mikhail"]
[Result "1-0"]
[WhiteElo "2152"]
[BlackElo "1826"]
[PlyCount "119"]
[EventDate "2022.08.16"]
[EventType "swiss"]
[EventRounds "9"]
[EventCountry "RUS"]
[SourceTitle "CBM 209 Extra"]
[Source "ChessBase"]
[SourceDate "2022.09.30"]
[SourceVersion "1"]
[SourceVersionDate "2022.09.30"]
[SourceQuality "1"]

1. d4 Nf6 2. Nf3 b6 3. Bf4 Bb7 4. e3 g6 5. Bd3 Bg7 6. h4 d6 7. Nc3 Nbd7 8. e4 Nh5 9. Be3 e5 10. Qd2 exd4 11. Nxd4 Ne5 12. 0-0-0 Nxd3+ 13. Qxd3 Qd7 14. f3 Be5 15. Nde2 0-0-0 16. Nd5 Kb8 17. Kb1 f5 18. Rhe1 fxe4 19. fxe4 Rde8 20. Rf1 Qg7 21. Qc4 Nf6 22. Nb4 Rhf8 23. Nd4 Bxd4 24. Bxd4 Rxe4 25. Qc3 Re6 26. Rde1 Rxe1+ 27. Qxe1 c5 28. Bxf6 Rxf6 29. Qe8+ Kc7 30. Re1 Rf7 31. Nd3 Bc6 32. Qe3 Qf6 33. g3 Qf3 34. Qg5 Qf5 35. Qe3 Qf6 36. Nf4 Kb7 37. a3 d5 38. Qd3 c4 39. Qe2 Qd6 40. c3 b5 41. Qe3 a5 42. Ne6 b4 43. axb4 axb4 44. cxb4 Rf6 45. Nc5+ Kc8 46. Qa3 Qb8 47. Qc3 Qd6 48. Qa3 Qb8 49. Re7 h5 50. Qa5 Qxg3 51. Qa6+ Kd8 52. Rg7 Qe1+ 53. Ka2 Qxb4 54. Nb7+ Bxb7 55. Qxf6+ Kc8 56. Rg8+ Kc7 57. Qd8+ Kc6 58. Rxg6+ Kc5 59. Qe7+ Kb5 60. Qxb7+ 1-0

[Event "Chigorin Memorial 28th"]
[Site "St Petersburg"]
[Date "2021.10.23"]
[Round "1"]
[White "Khmelev, Mikhail"]
[Black "Bashirli, Nail Qoshqar"]
[Result "0-1"]
[WhiteElo "1908"]
[BlackElo "2382"]
[PlyCount "59"]
[EventDate "2021.10.23"]
[EventType "swiss"]
[EventRounds "9"]
[EventCountry "RUS"]
[SourceTitle "EXT 2023"]
[Source "ChessBase"]
[SourceDate "2022.10.05"]
[SourceVersion "1"]
[SourceVersionDate "2022.10.05"]
[SourceQuality "1"]

1. e4 c5 2. Nf3 d6 3. d4 cxd4 4. Nxd4 Nf6 5. Nc3 Nc6 6. Bg5 Bd7 7. Qd2 Rc8 8. f4 Qb6 9. 0-0-0 Nxd4 10. Qxd4 Qxd4 11. Rxd4 e5 12. Rc4 Rc6 13. Bxf6 gxf6 14. f5 Bh6+ 15. Kd1 0-0 16. Nd5 Kg7 17. Ne7 Rb6 18. Rc7 Bc6 19. Nxc6 bxc6 20. b3 d5 21. Rxa7 Rb4 22. c4 dxe4 23. Be2 Rd8+ 24. Ke1 Be3 25. Rc7 Ra8 26. Bh5 Rxa2 27. Rxf7+ Kg8 28. Rd7 Rxb3 29. Bd1 Bf2+ 30. Kf1 0-1

[Event "Sevastopol Waltz Rapid"]
[Site "Sevastopol"]
[Date "2021.08.27"]
[Round "7"]
[White "Khmelev, Mikhail"]
[Black "Iljiushenok, Ilia"]
[Result "0-1"]
[WhiteElo "1908"]
[BlackElo "2554"]
[PlyCount "96"]
[EventDate "2021.08.26"]
[EventType "swiss (rapid)"]
[EventRounds "9"]
[EventCountry "UKR"]
[SourceTitle "CBM 204 Extra"]
[Source "ChessBase"]
[SourceDate "2021.11.30"]
[SourceVersion "1"]
[SourceVersionDate "2021.11.30"]
[SourceQuality "1"]

1. e4 c5 2. Nf3 d6 3. d4 cxd4 4. Nxd4 Nf6 5. Nc3 a6 6. a3 g6 7. Be2 Bg7 8. 0-0 0-0 9. Bg5 h6 10. Bxf6 Bxf6 11. Nd5 Bg7 12. Rb1 e6 13. Ne3 b5 14. c4 Bb7 15. cxb5 Bxe4 16. Bf3 Bxf3 17. Qxf3 d5 18. Nec2 Qb6 19. Rfd1 axb5 20. Qd3 Nc6 21. Qxb5 Qxb5 22. Nxb5 Rfb8 23. Nc3 Rb3 24. Na1 Rb7 25. Nc2 Ne5 26. Nd4 Nc4 27. Ndb5 Ra5 28. b4 Raxb5 29. Nxb5 Rxb5 30. a4 Rb8 31. Rb3 Kf8 32. Kf1 Ke7 33. Ke2 Kd6 34. Rdb1 e5 35. a5 e4 36. a6 Kc6 37. f3 f5 38. fxe4 fxe4 39. Rf1 d4 40. b5+ Kb6 41. Rf7 d3+ 42. Ke1 Be5 43. Re7 Rf8 44. Rb7+ Kc5 45. Rd7 Bxh2 46. Rdxd3 exd3 47. Rxd3 Kxb5 48. Rh3 Bf4 0-1

[Event "Sevastopol Waltz Rapid"]
[Site "Sevastopol"]
[Date "2021.08.26"]
[Round "2"]
[White "Zubritskiy, Artyom"]
[Black "Khmelev, Mikhail"]
[Result "1-0"]
[WhiteElo "2442"]
[BlackElo "1908"]
[PlyCount "91"]
[EventDate "2021.08.26"]
[EventType "swiss (rapid)"]
[EventRounds "9"]
[EventCountry "UKR"]
[SourceTitle "CBM 204 Extra"]
[Source "ChessBase"]
[SourceDate "2021.11.30"]
[SourceVersion "1"]
[SourceVersionDate "2021.11.30"]
[SourceQuality "1"]

1. c4 Nf6 2. g3 e6 3. Bg2 d5 4. Nf3 Be7 5. 0-0 0-0 6. b3 b6 7. Bb2 Bb7 8. d3 Nbd7 9. Nbd2 a5 10. a3 Re8 11. Qc2 c5 12. e3 Rc8 13. Rad1 Bf8 14. Nb1 Qc7 15. Nc3 Qb8 16. Qe2 Qa8 17. e4 Bc6 18. e5 d4 19. exf6 dxc3 20. Bxc3 Nxf6 21. a4 Be7 22. Nh4 Bxg2 23. Nxg2 Red8 24. f4 Rd7 25. f5 exf5 26. Rxf5 Qc6 27. Rdf1 Qe6 28. Re5 Qd6 29. Rf3 Ng4 30. Re4 h5 31. h3 Bf6 32. hxg4 Bxc3 33. gxh5 Bd4+ 34. Kh2 Kh7 35. Rf5 f6 36. Rd5 Qc7 37. Rxd7 Qxd7 38. Re7 Qf5 39. Nh4 Qg5 40. Qe4+ Kh8 41. Ng6+ Kh7 42. Nh4+ Kh8 43. Qg6 Qd2+ 44. Kh3 Rg8 45. Qe4 Qd1 46. Ng6+ 1-0

[Event "Sevastopol Waltz"]
[Site "Sevastopol"]
[Date "2021.08.17"]
[Round "1"]
[White "Demidov, Mikhail"]
[Black "Khmelev, Mikhail"]
[Result "1-0"]
[WhiteElo "2551"]
[BlackElo "1908"]
[PlyCount "79"]
[EventDate "2021.08.17"]
[EventType "swiss"]
[EventRounds "9"]
[EventCountry "UKR"]
[SourceTitle "CBM 203 Extra"]
[Source "ChessBase"]
[SourceDate "2021.09.30"]
[SourceVersion "1"]
[SourceVersionDate "2021.09.30"]
[SourceQuality "1"]

1. Nf3 Nf6 2. g3 d5 3. Bg2 c5 4. 0-0 Nc6 5. d4 e6 6. c4 Be7 7. cxd5 exd5 8. Nc3 0-0 9. dxc5 Bxc5 10. a3 a5 11. Bg5 d4 12. Bxf6 Qxf6 13. Nd5 Qd8 14. Nd2 Bg4 15. Qb3 Bxe2 16. Rfc1 a4 17. Qxb7 Na5 18. Qxa8 Qxa8 19. Nf6+ gxf6 20. Bxa8 Bb6 21. Bd5 Rd8 22. Ba2 Kg7 23. Kg2 d3 24. Rab1 f5 25. b4 axb3 26. Bxb3 Nxb3 27. Rxb3 Ba5 28. Rb2 f4 29. gxf4 Ra8 30. Ne4 Ra7 31. Rc5 h6 32. Rd5 Re7 33. Ng3 Bc3 34. Nf5+ Kh7 35. Rb6 Re6 36. Rxe6 fxe6 37. Rd7+ Kg6 38. Ng3 Bd2 39. a4 Bxf4 40. a5 1-0

[Event "Skalica op"]
[Site "Skalica"]
[Date "2019.08.31"]
[Round "9"]
[White "Kantorik, Marian"]
[Black "Khmelev, Mikhail"]
[Result "1-0"]
[WhiteElo "2164"]
[BlackElo "2021"]
[PlyCount "75"]
[EventDate "2019.08.25"]
[EventType "swiss"]
[EventRounds "9"]
[EventCountry "SVK"]
[SourceTitle "EXT 2020"]
[Source "ChessBase"]
[SourceDate "2019.10.17"]
[SourceVersion "1"]
[SourceVersionDate "2019.10.17"]
[SourceQuality "1"]

1. d4 Nf6 2. c4 e6 3. g3 Bb4+ 4. Nd2 c5 5. Ngf3 Nc6 6. dxc5 Bxc5 7. e3 0-0 8. Bg2 d5 9. 0-0 Bb6 10. b3 d4 11. exd4 Nxd4 12. Bb2 Nc6 13. Qe2 Qe7 14. Rad1 Re8 15. Ne5 Nxe5 16. Bxe5 Bc7 17. Bb2 e5 18. h3 Bd7 19. Bxb7 Bxh3 20. Rfe1 Bg4 21. Bf3 Bxf3 22. Qxf3 Rad8 23. Ne4 Bb6 24. Nxf6+ Qxf6 25. Qxf6 gxf6 26. a3 Rxd1 27. Rxd1 e4 28. b4 e3 29. c5 e2 30. Re1 Bd8 31. Kg2 Kf8 32. Kf3 Re6 33. Rxe2 Rc6 34. Ke4 Ke7 35. Kd5+ Kd7 36. b5 Rc8 37. Bc3 a5 38. c6+ 1-0

[Event "Skalica op"]
[Site "Skalica"]
[Date "2019.08.26"]
[Round "2"]
[White "Kuznetsov, Mikhail V"]
[Black "Khmelev, Mikhail"]
[Result "1-0"]
[WhiteElo "2261"]
[BlackElo "2021"]
[PlyCount "111"]
[EventDate "2019.08.25"]
[EventType "swiss"]
[EventRounds "9"]
[EventCountry "SVK"]
[SourceTitle "EXT 2020"]
[Source "ChessBase"]
[SourceDate "2019.10.17"]
[SourceVersion "1"]
[SourceVersionDate "2019.10.17"]
[SourceQuality "1"]

1. d4 Nf6 2. Nf3 b6 3. g3 Bb7 4. Bg2 c5 5. c4 cxd4 6. 0-0 Bxf3 7. Bxf3 Nc6 8. Qa4 Rc8 9. Rd1 Ne5 10. Rxd4 Nxf3+ 11. exf3 Qc7 12. Nc3 Qb7 13. Bg5 Qc6 14. Qa6 d6 15. Re1 e6 16. Bxf6 gxf6 17. Nd5 Qa8 18. Qa4+ Kd8 19. Nxf6 Rc6 20. Red1 Be7 21. Ne4 Kc7 22. b4 e5 23. R4d3 f5 24. Nc3 Rd8 25. Nd5+ Kd7 26. c5 bxc5 27. b5 Rb6 28. Nxb6+ axb6 29. Qc4 Rf8 30. a4 h5 31. f4 e4 32. Ra3 Qa5 33. h4 Bf6 34. Qd5 Bd4 35. Rxd4 cxd4 36. Qxd4 Rc8 37. Re3 Rc5 38. f3 d5 39. fxe4 fxe4 40. Rxe4 Qc3 41. Qxc3 Rxc3 42. Re5 Rxg3+ 43. Kf2 Rd3 44. Ke2 Ra3 45. Rxd5+ Ke6 46. Rxh5 Rxa4 47. Kf3 Rb4 48. Kg4 Kf7 49. Rg5 Rb1 50. Rf5+ Kg7 51. Rd5 Rg1+ 52. Kf5 Rb1 53. Rd7+ Kh8 54. Rb7 Rh1 55. Rxb6 Rxh4 56. Kg5 1-0

[Event "Eurasia Cup op"]
[Site "Ekaterinburg"]
[Date "2019.08.07"]
[Round "7"]
[White "Matsenko, Andrei"]
[Black "Khmelev, Mikhail"]
[Result "1/2-1/2"]
[WhiteElo "2293"]
[BlackElo "2013"]
[PlyCount "67"]
[EventDate "2019.07.31"]
[EventType "swiss"]
[EventRounds "9"]
[EventCountry "RUS"]
[SourceTitle "CBM 191 Extra"]
[Source "ChessBase"]
[SourceDate "2019.09.30"]
[SourceVersion "1"]
[SourceVersionDate "2019.09.30"]
[SourceQuality "1"]

1. e4 c5 2. Nc3 a6 3. g3 b5 4. Bg2 Bb7 5. d3 e6 6. Nge2 d6 7. 0-0 Nd7 8. a4 b4 9. Nb1 a5 10. Nd2 Qc7 11. b3 Ngf6 12. Bb2 Be7 13. Re1 0-0 14. h3 d5 15. exd5 Nxd5 16. Nc4 Bf6 17. Bxf6 N5xf6 18. Bxb7 Qxb7 19. Nf4 Nb6 20. Nxb6 Qxb6 21. Qf3 Rad8 22. g4 Nd5 23. Nxd5 Rxd5 24. Re3 Qd6 25. Rae1 Rd8 26. Qg3 Qxg3+ 27. Rxg3 g5 28. Rge3 Kg7 29. Kg2 Rd4 30. Re5 R4d5 31. R5e4 Rd4 32. Re5 R4d5 33. R5e4 Rd4 34. Re5 1/2-1/2

[Event "Moscow-ch final"]
[Site "Moscow"]
[Date "2019.04.06"]
[Round "8"]
[White "Chudinovskikh, Alexander M"]
[Black "Khmelev, Mikhail"]
[Result "1/2-1/2"]
[WhiteElo "2206"]
[BlackElo "1995"]
[PlyCount "108"]
[EventDate "2019.03.30"]
[EventType "swiss"]
[EventRounds "9"]
[EventCountry "RUS"]
[SourceTitle "CBM 189 Extra"]
[Source "ChessBase"]
[SourceDate "2019.06.03"]
[SourceVersion "1"]
[SourceVersionDate "2019.06.03"]
[SourceQuality "1"]

1. d4 g6 2. e4 Bg7 3. Nc3 d6 4. f4 a6 5. Nf3 b5 6. Bd3 Bb7 7. a4 b4 8. Ne2 Nf6 9. Ng3 h5 10. e5 Ng4 11. h3 Nh6 12. 0-0 e6 13. Qe1 a5 14. c3 bxc3 15. bxc3 d5 16. Ba3 Ba6 17. Bxa6 Rxa6 18. Rf2 Bf8 19. Rb2 Nd7 20. Bxf8 Kxf8 21. Rab1 Kg7 22. Qe2 Rb6 23. Rb5 h4 24. Nf1 Nf5 25. Ne3 Nxe3 26. Qxe3 c6 27. R5b3 Rxb3 28. Rxb3 Nb6 29. Qc1 Nc4 30. Qe1 Rh5 31. Ng5 Rxg5 32. fxg5 Qxg5 33. Qf1 Nd2 34. Qf6+ Qxf6 35. exf6+ Kxf6 36. Rb7 Ne4 37. Ra7 Nxc3 38. Rxa5 Ne2+ 39. Kf2 Nxd4 40. Ra7 c5 41. Rb7 Nc6 42. Rb6 Ne5 43. a5 Nc4 44. Rb5 Nxa5 45. Rxa5 c4 46. Ra7 e5 47. Ke3 Ke6 48. Ra6+ Kf5 49. Rc6 g5 50. Kf3 f6 51. Rc8 Ke6 52. Rc6+ Kf5 53. Rc8 Ke6 54. Rc6+ Kf5 1/2-1/2